| 000 | 00859nam a22002657i 4500 | ||
|---|---|---|---|
| 003 | DO-SdBNP | ||
| 005 | 20250522085509.0 | ||
| 007 | ta | ||
| 008 | 250522b2020 |||||||| |||| 00| 0 spa d | ||
| 040 |
_aDO-SdBNP _bspa _cBNPHU _erda |
||
| 041 | _hspa | ||
| 082 |
_axxx _bR426c _222 |
||
| 110 |
_aRepública Dominicana. _bSuperintendencia de Bancos _937256 |
||
| 111 | 1 |
_aConcurso de Arte y Literatura Bancentral _cSanto Domingo, República Dominicana) _d27 : 2023 _987834 |
|
| 245 | 1 | _aCódigo de ética y conducta | |
| 250 | _acuarta versión | ||
| 264 |
_aSanto Domingo : _bSuperintendencia de Bancos, _c2020 |
||
| 300 |
_a40 páginas : _bilustraciones ; _c24 cm |
||
| 336 |
_ardacontent _btexto _2txt |
||
| 337 |
_ardamedia _bsin mediación _2n |
||
| 338 |
_ardacarrier _bvolumen _2nc |
||
| 590 | _aInventariado, 2025/DG | ||
| 910 | _aDG | ||
| 942 |
_2ddc _cLBS1 |
||
| 999 |
_c59082 _d59082 |
||